000 00352nam a22001457a 4500
020 _a978-000-786517-8
082 _a823
_bSEC/A
100 _aDR. SEUSS
245 _aAND TO THINK THAT I SAW IT ON MULBERRY STREET
250 _a1
260 _aNEW YORK
_bDR. SEUSS ENTREPRISES
_c1971
300 _a30
650 _aENGLISH RHYMES
_zNEW YORK
942 _cBK
999 _c1736
_d1736